Género y procesos interlegales / (Record no. 178414)
[ view plain ]
| 000 -CABECERA | |
|---|---|
| campo de control de longitud fija | 00807nam a2200241 a 4500 |
| 005 - FECHA Y HORA DE LA ÚLTIMA TRANSACCIÓN | |
| campo de control | 20241009063715.0 |
| 008 - ELEMENTOS DE LONGITUD FIJA--INFORMACIÓN GENERAL | |
| campo de control de longitud fija | 151023s2014 mx r 000 0 spa d |
| 020 ## - NÚMERO INTERNACIONAL NORMALIZADO PARA LIBROS | |
| Número Internacional Estándar del Libro | 9786078257973 |
| 035 ## - NÚMERO DE CONTROL DEL SISTEMA | |
| Número de control de sistema | UPN01000206313 |
| 049 ## - COLECCIÓN | |
| Colección | CG |
| 050 #4 - SIGNATURA TOPOGRÁFICA DE LA BIBLIOTECA DEL CONGRESO | |
| Número de clasificación | KGF2216 T6.8 |
| Número de documento/Ítem | CH4.3 |
| 100 1# - ASIENTO PRINCIPAL--NOMBRE PERSONAL | |
| Nombre de persona | Chenaut González, María Victoria |
| 9 (RLIN) | 38115 |
| 245 10 - MENCIÓN DE TÍTULO | |
| Título | Género y procesos interlegales / |
| Mención de responsabilidad, etc. | Victoria Chenaut. |
| 260 ## - PUBLICACIÓN, DISTRIBUCIÓN, ETC. | |
| Lugar de publicación, distribución, etc. | México : |
| Nombre del editor, distribuidor, etc. | El Colegio de Michoacán, |
| Fecha de publicación, distribución, etc. | 2014. |
| 300 ## - DESCRIPCIÓN FÍSICA | |
| Extensión | 350 p. : |
| Otras características físicas | il. |
| 440 #0 - MENCIÓN DE SERIE/ASIENTO SECUNDARIO--TÍTULO | |
| Título | Investigaciones |
| 650 #4 - ASIENTO SECUNDARIO DE MATERIA - TERMINO TEMATICO | |
| Término de materia o nombre geográfico como elemento de entrada | TOTONACOS |
| 9 (RLIN) | 18880 |
| 650 #4 - ASIENTO SECUNDARIO DE MATERIA - TERMINO TEMATICO | |
| Término de materia o nombre geográfico como elemento de entrada | Indígenas de México |
| Subdivisión general | Situación legal, leyes, etc. |
| 9 (RLIN) | 8369 |
| 650 #4 - ASIENTO SECUNDARIO DE MATERIA - TERMINO TEMATICO | |
| Término de materia o nombre geográfico como elemento de entrada | Mujeres indígenas |
| Subdivisión geográfica | México |
| 9 (RLIN) | 22377 |
| 650 #4 - ASIENTO SECUNDARIO DE MATERIA - TERMINO TEMATICO | |
| Término de materia o nombre geográfico como elemento de entrada | Justicia |
| Subdivisión general | Administración |
| Subdivisión geográfica | México |
| 9 (RLIN) | 19268 |
| 650 #4 - ASIENTO SECUNDARIO DE MATERIA - TERMINO TEMATICO | |
| Término de materia o nombre geográfico como elemento de entrada | DERECHO CONSUETUDINARIO - |
| Subdivisión geográfica | MEXICO |
| 9 (RLIN) | 24433 |
| Estado de retiro | Estado de pérdida | Fuente del sistema de clasificación o colocación | Estado dañado | No para préstamo | Código de colección | Localización permanente | Ubicación/localización actual | Ubicación en estantería | Total de préstamos | Clasificación | Código de barras | Fecha visto por última vez | Número de copia | Tipo de ítem Koha |
|---|---|---|---|---|---|---|---|---|---|---|---|---|---|---|
| Library of Congress Classification | Colección General | Bib. Gregorio Torres Quintero | Bib. Gregorio Torres Quintero | Planta baja | KGF2216 T6.8 CH4.3 | 306717 | 31/12/2020 | 1 | Libro | |||||
| Library of Congress Classification | Colección General | Bib. Gregorio Torres Quintero | Bib. Gregorio Torres Quintero | Planta baja | 1 | KGF2216 T6.8 CH4.3 | 313862 | 31/12/2020 | 1 | Libro |
